The Florida entomologist : (Registro nro. 16911)
[ vista simple ]
| 000 -CABECERA | |
|---|---|
| Campo de control | 01241cas a2200301 a 4500 |
| 005 - FECHA Y HORA DE LA ULTIMA TRANSACCION | |
| Campo de control | 20180419115553.0 |
| 008 - ELEMENTOS DE LONGITUD FIJA—INFORMACION GENERAL | |
| Campo de control | 950929c19209999fluqr pso o 0 a0eng c |
| 022 ## - ISSN | |
| ISSN | 1938-5102 |
| 040 ## - FUENTE DE CATALOGACIÓN | |
| Agencia catalogadora original | CO-BoIAVH |
| Agencia transcriptora | CO-BoIAVH |
| 041 0# - IDIOMA | |
| Código de idioma para texto/pista de sonido o título separado | Inglés |
| Código de idioma del sumario o resumen/título o subtítulo sobreimpreso | spa |
| 044 ## - PAÍS DE PUBLICACIÓN | |
| País de publicación | Estados Unidos |
| 090 ## - CLASIFICACIÓN LOCAL | |
| Colección | SE |
| 245 14 - MENCION DE TITULO | |
| Título | The Florida entomologist : |
| Parte restante del título | An International Journal for the Americas / |
| 260 ## - PUBLICACION, DISTRIBUCION, ETC. (PIE DE IMPRENTA) | |
| Lugar de publicación, distribución, etc. | Gainesville, Florida (EE.UU.) : |
| Nombre del editor, distribuidor, etc. | Florida Entomological Society, |
| Fecha de publicación, distribución, etc. | 1920- |
| 300 ## - DESCRIPCION FISICA | |
| Otros detalles físicos | ilustraciones, tablas y gráficas : |
| Dimensiones | 23 cm. |
| 310 ## - FRECUENCIA ACTUAL DE LA PUBLICACIÓN | |
| Frecuencia actual de la publicación | Trimestral |
| 321 ## - FRECUENCIA ANTERIOR DELA PUBLICACIÓN | |
| Frecuencia anterior de la publicación | Otro |
| 504 ## - NOTA DE BIBLIOGRAFIA, ETC. | |
| Nota de bibliografía | Incluye referencias bibliográficas. |
| 546 ## - NOTA DE IDIOMA | |
| Nota de idioma | In English; summaries in Spanish. |
| 550 ## - ISSUING BODY NOTE | |
| Issuing body note | Official organ of the Florida Entomological Society; online publication a joint project of the Florida Entomological Society and the Florida Center for Library Automation. |
| 610 20 - ASIENTO SECUNDARIO DE MATERIA - NOMBRE CORPORATIVO | |
| Nombre corporativo o nombre de la jurisdicción como elemento de entrad | Florida Entomological Society |
| Subdivisión de forma | Publicaciones periódicas |
| 650 26 - ASIENTO SECUNDARIO DE MATERIA - TERMINO TEMATICO | |
| Término temático o nombre geográfico como elemento de entrada | Entomología |
| Subdivisión de forma | Publicaciones periódicas |
| 9 (RLIN) | 90892 |
| 650 26 - ASIENTO SECUNDARIO DE MATERIA - TERMINO TEMATICO | |
| Término temático o nombre geográfico como elemento de entrada | Insecta |
| Subdivisión geográfica | Florida (EE.UU.) |
| Subdivisión de forma | Publicaciones periódicas |
| 9 (RLIN) | 90893 |
| 710 2# - ASIENTO SECUNDARIO - NOMBRE CORPORATIVO | |
| Nombre corporativo o de jurisdicción como elemento de entrada | Florida Entomological Society |
| 9 (RLIN) | 90889 |
| 710 2# - ASIENTO SECUNDARIO - NOMBRE CORPORATIVO | |
| Nombre corporativo o de jurisdicción como elemento de entrada | Florida Center for Library Automation |
| 9 (RLIN) | 90890 |
| 780 00 - ASIENTO DEL TITULO ANTERIOR | |
| Title | Florida buggist (Online) |
| International Standard Serial Number | 2163-632X |
| 942 ## - ELEMENTOS ADICIONALES (KOHA) | |
| Sistema de clasificación | Local |
| Tipo de ítem | Periodica o revista |
| Withdrawn status | Lost status | Sistema de Clasificación | Damaged status | No para préstamo | Colección | Fecha publicación (Año) | Volumen revista | Número revista | Inventariado | Ubicación Permanente | Ubicación actual | Fecha de adquisición | Fuente de adquisición | Datos de publicación Seriada | Total Checkouts | Número topográfico | Inventario / Código de Barras | Date last seen | Ejemplar | Price effective from | Forma de adquisición | Tipo de material |
|---|---|---|---|---|---|---|---|---|---|---|---|---|---|---|---|---|---|---|---|---|---|---|
| Local | Hemeroteca | 1999 | 82 | 1 | Inventariado 2017 | Bogotá | Bogotá | 16/03/2001 | Flórez, Eduardo | Vol 82, Nro 1 (01/03/1999) | SE | 007331 | 25/03/2015 | Ej. 1 | 25/03/2015 | Donación | Periodica o revista | |||||
| Local | Hemeroteca | 1999 | 82 | 2 | Inventariado 2017 | Bogotá | Bogotá | 16/03/2001 | Flórez, Eduardo | Vol 82, Nro 2 (01/06/1999) | SE | 007332 | 25/03/2015 | Ej. 1 | 25/03/2015 | Donación | Periodica o revista |